| 000 | 00810nam a2200301Ia 4500 | ||
|---|---|---|---|
| 008 | 160803s9999 xx 000 0 und d | ||
| 020 | _a0 545800676 | ||
| 100 | _aPatterson, James | ||
| 245 | _aI even funnier / | ||
| 245 | _cJames Patterson and Chris Grabenstein ; illustrated by Laura Park. | ||
| 260 | _aNew York : | ||
| 260 | _bScholastic Inc. | ||
| 260 | _c2013 | ||
| 300 | _a344 pages : | ||
| 300 | _billustrations ; | ||
| 300 | _c20 cm. | ||
| 650 | _aBullying -- | ||
| 650 | _aComedians -- | ||
| 650 | _aContests -- | ||
| 650 | _aMiddle schools -- | ||
| 650 | _aPeople with disabilities -- | ||
| 650 | _xJuvenile fiction. | ||
| 650 | _xJuvenile fiction. | ||
| 650 | _xJuvenile fiction. | ||
| 650 | _xJuvenile fiction. | ||
| 650 | _xJuvenile fiction. | ||
| 700 | _a710 | ||
| 999 |
_c299940 _d299940 |
||